| 000 | 00854nam a2200277 a 4500 | ||
|---|---|---|---|
| 001 | 000108354 | ||
| 003 | CHAP | ||
| 005 | 20220329144009.0 | ||
| 008 | 140130s2013 si a |r| |||1|||eng d | ||
| 010 | _a104816 | ||
| 011 | _a105788 | ||
| 020 | _a9789814316781 | ||
| 040 | _cCHAP | ||
| 082 | 0 | 4 |
_a658.5 _bB83 |
| 100 | 1 |
_aBrennan, David _9125313 |
|
| 245 | 1 | 0 |
_aSustainable process engineering : _bconcepts, strategies, evaluation, and implementation / _cpor David Brennan. |
| 260 |
_aPenthouse Level, Singapore : _bPan Stanford Publishing, _cc2013. |
||
| 300 |
_axxi, 395 p. : _bil., gráfs., diags., tablas. |
||
| 590 |
_aE6096MTM _b05 _c20140130 _lUCH01 _h1400 |
||
| 650 | 1 | 4 |
_aIndustria química. _957914 |
| 650 | 1 | 4 |
_aIngeniería industrial. _958257 |
| 650 | 1 | 4 |
_aQuímica _xTecnología. _993574 |
| 901 | _aBK | ||
| 942 | _cLIBRO | ||
| 942 | _n0 | ||
| 999 |
_c104816 _d104816 |
||